लोड हो रहा है...
Strom of swords: part one: steel and snow
| मुख्य लेखक: | |
|---|---|
| स्वरूप: | Printed Book |
| प्रकाशित: |
London
Harper voyager
2000
|
| विषय: |
| LEADER | 00533nam a22001577a 4500 | ||
|---|---|---|---|
| 003 | OSt | ||
| 020 | |a 9780006479901 | ||
| 082 | |a 823.1 |b MAR/ST | ||
| 100 | |a Martin George R R | ||
| 245 | |a Strom of swords: |b part one: steel and snow | ||
| 260 | |a London |b Harper voyager |c 2000 | ||
| 300 | |a 613 Pages | ||
| 650 | |a English Literature | ||
| 942 | |2 ddc |c BK | ||
| 999 | |c 141600 |d 141600 | ||
| 952 | |0 0 |1 0 |2 ddc |4 0 |6 823_100000000000000_MARST |7 0 |9 140515 |a KAUCLV |b KAUCLV |c GENERAL |d 2015-09-08 |g 499.00 |l 5 |o 823.1 MAR/ST |p 224423 |r 2019-08-19 |s 2019-07-27 |w 2015-09-08 |y BK | ||